000
00229nam a22000977a 4500
003
SGT
245
_a
International Journal of Civil Engineering and Technology
260
_b
IAEME Publication
_c
2020
300
_a
500
942
_2
ddc
_c
BV
999
_c
29142
_d
29142